Score 0/30 Timer 07:00
0 Plays Today
Goals Player % Correct
260 Goals - EnglishAlan Shearer
95.7%
174 Goals - FrenchThierry Henry
95.6%
99 Goals - WelshRyan Giggs
90.1%
187 Goals - EnglishAndrew Cole
89.5%
84 Goals - PortugueseCristiano Ronaldo
86.6%
123 Goals - TrinidadianDwight Yorke
85.4%
120 Goals - IrishRobbie Keane
84.9%
146 Goals - EnglishMichael Owen
83.4%
95 Goals - DutchRuud Van Nistelrooy
81%
86 Goals - EnglishWayne Rooney
79.5%
108 Goals - EnglishFrank Lampard
78.5%
163 Goals - EnglishRobbie Fowler
77.6%
87 Goals - DutchDennis Bergkamp
77.6%
98 Goals - EnglishPaul Scholes
77.4%
147 Goals - EnglishTeddy Sheringham
73%
Goals Player % Correct
92 Goals - AustralianMark Viduka
72.9%
91 Goals - NorwegianOle Gunnar Solskjaer
68.6%
108 Goals - FrenchNicolas Anelka
68.4%
127 Goals - DutchJimmy Floyd Hasselbaink
65.3%
149 Goals - EnglishLes Ferdinand
63.4%
113 Goals - EnglishIan Wright
60.3%
84 Goals - EnglishJermain Defoe
56.5%
103 Goals - EnglishEmile Heskey
55.5%
101 Goals - English Matt Le Tissier
46%
111 Goals - EnglishDion Dublin
42.3%
88 Goals - EnglishKevin Phillips
39.7%
81 Goals - WelshGary Speed
39.1%
83 Goals - EnglishChris Sutton
36.6%
89 Goals - EnglishJames Beattie
26.5%
82 Goals - EnglishKevin Campbell
14.6%

You're not logged in!

Compare scores with friends on all Sporcle quizzes.
OR
Log In

Sporcle TV

Today on Sporcle TV


Watch our educational content, quiz creation guides, and fun videos on Sporcle TV.

Show Comments

Extras

Top Quizzes Today


Score Distribution

Paid Content

Your Account Isn't Verified!

In order to create a playlist on Sporcle, you need to verify the email address you used during registration. Go to your Sporcle Settings to finish the process.

Report this User

Report this user for behavior that violates our Community Guidelines.

Details: